| 000 | 01501nam0a2200349 4500 | ||
|---|---|---|---|
| 001 | RU\NLR\bibl\1434082 | ||
| 005 | 20260405063312.0 | ||
| 010 | _a978-5-7320-1006-0 | ||
| 035 | _a(NLR Aleph) 001425975 | ||
| 090 |
_a1372405 _c1372405 |
||
| 100 | _a20091105d2007 |||y0rusy50 ca | ||
| 101 | 0 | _arus | |
| 102 | _aRU | ||
| 105 | _aa ||||||||| | ||
| 200 | 1 |
_aУильям Моррис: лик Средневековья _fЭ.В. Седых _gС.-Петерб. ин-т внешнеэкон. связей, экономики и права, О-во "Знание" Санкт-Петербурга и Ленингр. обл. |
|
| 210 |
_aСанкт-Петербург _cИВЭСЭП _cЗнание _d2007 |
||
| 215 |
_a352, [2] с., [40] л. ил., цв. ил. _cцв. ил., портр. _d22 |
||
| 320 | _aБиблиогр.: с. 319-339 | ||
| 600 | 1 |
_aМоррис _bУ. _f1834 - 1896 _gУильям _9985125 _3RU\NLR\auth\6653117 |
|
| 606 | 1 |
_aЛитература и искусство _91485695 _3RU\NLR\auth\66635623 |
|
| 686 | _aШ5(4Вл)52-4Моррис | ||
| 686 | _aШ5(0)-304.5 | ||
| 686 | _aЩ103(4Вл)5-8Моррис | ||
| 686 | _aЩ123(4Вл)5-8Моррис | ||
| 700 | 1 |
_aСедых _bЭ. В. _gЭлина Владимировна _4070 |
|
| 702 | 1 |
_4570 _8rus _7ca _aМоррис _bУ. _f1834-1896 _gУильям _3RU\NLR\auth\7721806 _94867 |
|
| 801 | 0 |
_aRU _bNLR _c20091105 _gRCR |
|
| 801 | 1 |
_aRU _bNLR _c20091105 |
|
| 830 | _aавт. по кн. | ||
| 942 | _cBOOK | ||
| 980 | _aNB | ||